|
|
|
|
| LEADER |
00000nab a2200000 a 4500 |
| 001 |
vtls001510405 |
| 003 |
SK-MaSNL |
| 005 |
20260303075911.0 |
| 008 |
140302s2001 xo 000 0 slo |
| 035 |
|
|
|a SPKCL12732
|
| 040 |
|
|
|a SPKCL
|b slo
|c SNKBUCL
|d SPK(LP)
|e AACR2
|
| 041 |
|
|
|a slo
|
| 044 |
|
|
|a xo
|c SK
|
| 080 |
|
|
|a 37.048.4:373.3:373.5
|2 1981
|
| 100 |
1 |
|
|a Cahajlová, Viera
|4 aut
|9 1081045
|
| 245 |
1 |
0 |
|a Skupinový program: Moje budúce povolanie
|c Viera Cahajlová
|
| 520 |
|
|
|a Výsledky prieskumu, ktorý bol zameraný na budúce povolanie žiakov nerozhodných, váhavých a tých, ktorých voľba nezodpovedá ich predpokladom. Oblasti, ktoré obsahoval program skupinových aktivít. Nutnosť zdokonaľovať profesijné poradenstvo a zložky, ktoré by v ňom mali byť zastúpené.
|
| 773 |
1 |
|
|t Učiteľské noviny
|g Roč. 51, č. 43 (2001) s. 4
|
| 850 |
|
|
|a Slovenská pedagogická knižnica Bratislava
|
| 852 |
|
|
|a SPKCL
|b KIS3GCP
|b 000710000
|n SK
|
| 999 |
|
|
|c 1777949
|d 1779879
|